Historical Duos - Statistics

General Stats
  • This quiz has been taken 1,085 times
  • The average score is 6 of 15
Answer Stats
Hint Answer % Correct
Romulus Remus
94%
Antony Cleopatra
88%
Hera Zeus
82%
Helen Paris
76%
Castor Pollux
56%
Patroclus Achilles
51%
Odysseus Penelope
45%
Icarus Daedalus
42%
Narcissus Echo
28%
Orpheus Eurydice
25%
Pyramus Thisbe
20%
Peleus Thetis
12%
Hero Leander
10%
Leonidas I Gorgo
9%
Alexander III (first wife) Roxana of Bactria
5%
No matching quizzes found
Score Distribution
Percent of People with Each Score
Percentile by Number Answered
Your Score History
You have not taken this quiz